000 004910000a22001930004500
001 003231
003 MACL
005 20150802121404.0
008 150802b xxu||||| |||| 00| 0 eng d
040 _aMACL
_cMACL
041 _aEnglish
082 _a398/MIB
100 _aMibang, Tamo
_94283
245 _aIndian Folk Tales Of North E̜ast
_cTamo Mibang
260 _aDelhi
_c2002
_bFarsight Publishers & Distributors,
350 _a200
650 _aFolklore
_94270
942 _k398
_cBK
_2ddc
999 _c15137
_d15137